| 000 | 01303nam a2200397 i 4500 | ||
|---|---|---|---|
| 001 | 55741 | ||
| 003 | KOSZ 005 | ||
| 005 | 20200721104447.0 | ||
| 008 | 071010s2007 pl a f f |000 0 pol d | ||
| 020 | _a9788372448743 | ||
| 040 |
_cKOSZ 005 _aKOSZ 005 _dKOSZ 005/HR |
||
| 041 | _apol | ||
| 046 | _k2007 | ||
| 080 | _a338.43 | ||
| 080 | _a631.147 | ||
| 080 | _a631.95 | ||
| 080 | _a(075.8) | ||
| 100 | 1 |
_aTyburski, Józef _eAutor |
|
| 245 | 1 | 0 |
_aWprowadzenie do rolnictwa ekologicznego / _cJózef Tyburski, Sylwia Żakowska-Biemans. |
| 260 |
_aWarszawa : _bWydawnictwo SGGW, _c2007. |
||
| 300 |
_a277, [1] s., [16] s. tabl. : _bil. ( w tym kolor.) ; _c25 cm. |
||
| 336 |
_2rdacontent _aTekst _btxt |
||
| 337 |
_2rdamedia _aBez urządzenia pośredniczącego _bn |
||
| 338 |
_2rdacarrier _aWolumin _bnc |
||
| 380 | _aKsiążki | ||
| 380 | _aPublikacje dydaktyczne | ||
| 385 |
_mPoziom nauczania _aSzkoły wyższe |
||
| 388 | _a2001- | ||
| 504 | _aBibliogr. s. 260-268. | ||
| 650 | 4 | _aRolnictwo ekologiczne | |
| 655 | 4 | _aPodręczniki akademickie | |
| 658 | _aRolnictwo i leśnictwo | ||
| 700 | 1 |
_aŻakowska-Biemans, Sylwia _eAutor |
|
| 856 |
_uhttp://koha.tu.koszalin.pl/cgi-bin/koha/opac-detail.pl?biblionumber=55741 _yKatalog online BPK |
||
| 942 |
_cKS _2UKD |
||
| 999 |
_c55741 _d55741 |
||